000 00751nam a22002297a 4500
005 20170124110005.0
010 _aA-680522
020 _c00.00
_a8170245419
035 _aA-680522
037 _bCen Lib/Ret
040 _aDPL
_bEN
082 _a363.7394
_bKHA
100 _aKhanna, Dev Raj
_916724
245 _a Ecology and pollution of Ganga river :
_bby Dev Raj Khanna
_ca limnological study at Hardwar /
260 _aNew Delhi
_bAshish Publishing House
_c1993
270 _a8/18. Panjabi Bagh
_bNew Delhi
_e110026
300 _a241p. :
_c21cm(Hb)
_bill.
500 _aIncludes bibliographical references.
650 _aHaridwār (India)
_916725
650 _aAsia--Ganges River
_915860
942 _2ddc
_cEN
_h363.7394
_mKHA
999 _c126147
_d126147